Syair-syair Melayu Riau : tumpuan khas kepada Syair Kitab al-Nikah dan lain-lain syair agama Raja Ali Haji /
Saved in:
| 主要作者: | |
|---|---|
| 格式: | Thesis 圖書 |
| 語言: | Malay |
| 出版: |
1991.
|
| 主題: | |
| 標簽: |
添加標簽
沒有標簽, 成為第一個標記此記錄!
|
| LEADER | 01463cam a2200349 a 4500 | ||
|---|---|---|---|
| 001 | u306584 | ||
| 003 | SIRSI | ||
| 008 | 920305s1991 my at 00 1 may m | ||
| 035 | |a ABL-6854 | ||
| 040 | |a UMM | ||
| 043 | |a a-io--- | ||
| 090 | |a PL5117.1 |b Abuhms | ||
| 091 | |a Microfilm 3291 | ||
| 100 | 0 | 0 | |a Abu Hassan Sham. |
| 245 | 1 | 0 | |a Syair-syair Melayu Riau : |b tumpuan khas kepada Syair Kitab al-Nikah dan lain-lain syair agama Raja Ali Haji / |c oleh Abu Hassan bin Mohd. Sham. |
| 260 | |c 1991. | ||
| 300 | |a xxxiv, 640 leaves ; |c 28 cm. | ||
| 500 | |a Also available on microfilm . Kuala Lumpur ; Perpustakaan Universiti Malaya, 1995. 1 reel : negative ; 35 mm. | ||
| 502 | |a Thesis (Ph.D.) -- Jabatan Pengajian Melayu, Fakulti Sastera dan Sains Sosial, Universiti Malaya, 1992. | ||
| 630 | 0 | 0 | |a Syair Kitab al-Nikah. |
| 630 | 0 | 0 | |a Syair Hukum Fara'id. |
| 630 | 0 | 0 | |a Syair Siti Sianah. |
| 630 | 0 | 0 | |a Syair Sinar Gemala Mastika Alam. |
| 630 | 0 | 0 | |a Syair Burung. |
| 630 | 0 | 0 | |a Syair Pintu Hantu. |
| 651 | 0 | |a Riau (Indonesia) |x History and criticism. | |
| 650 | 0 | |a Folk poetry |z Indonesia |z Riau |x History and criticism. | |
| 710 | 2 | 0 | |a Universiti Malaya. |b Jabatan Pengajian Melayu. |
| 948 | |a 15/01/1993 |b 25/11/2000 | ||
| 596 | |a 1 23 | ||
| 999 | |a PL5117.1 ABUHMS |w LC |c 1 |i A011174213 |d 25/2/2017 |e 25/2/2017 |l STACKS |m P01UTAMA |n 28 |r Y |s Y |t TESIS |u 18/1/1993 | ||
| 999 | |a PL5117.1 ABUHMS |w LC |c 1 |i A512748780 |d 30/9/2013 |f 30/9/2013 |g 3 |l STACKS |m P23MELAYU |r Y |s Y |t TESIS |u 12/3/2007 | ||
